| 000 | 00347 a2200133 4500 | ||
|---|---|---|---|
| 999 |
_c12372 _d12372 |
||
| 003 | OSt | ||
| 005 | 20240117095756.0 | ||
| 008 | 240117b ||||| |||| 00| 0 eng d | ||
| 020 | _a9781138628557 | ||
| 100 | _aEsmond Reid | ||
| 245 | _aUnderstanding Buildings : A Muitidisciplinary Approach | ||
| 260 |
_bTaylor & Francis Group _c1998 |
||
| 942 | _2ddc | ||